Bahishti Zewar / (Record no. 385681)
[ view plain ]
| 000 -LEADER | |
|---|---|
| fixed length control field | 00412 a2200145 4500 |
| 003 - CONTROL NUMBER IDENTIFIER | |
| control field | NUST |
| 005 - DATE AND TIME OF LATEST TRANSACTION | |
| control field | 20250114125006.0 |
| 008 - FIXED-LENGTH DATA ELEMENTS--GENERAL INFORMATION | |
| fixed length control field | 230302b ||||| |||| 00| 0 eng d |
| 082 ## - DEWEY DECIMAL CLASSIFICATION NUMBER | |
| Classification number | 297,THA |
| 100 ## - MAIN ENTRY--PERSONAL NAME | |
| Personal name | Thanvi, Maulana Ashraf Ali |
| 9 (RLIN) | 50902 |
| 245 ## - TITLE STATEMENT | |
| Title | Bahishti Zewar / |
| Statement of responsibility, etc. | Maulana Ashraf Ali Thanvi |
| 260 ## - PUBLICATION, DISTRIBUTION, ETC. | |
| Place of publication, distribution, etc. | Lahore, Pakistan |
| Name of publisher, distributor, etc. | Islam Book Depu |
| Date of publication, distribution, etc. | 2014 |
| 300 ## - PHYSICAL DESCRIPTION | |
| Extent | 640p. |
| 942 ## - ADDED ENTRY ELEMENTS (KOHA) | |
| Institution code [OBSOLETE] | NUST-CAE |
| Koha item type | Book |
| Source of classification or shelving scheme | |
| Call number prefix | 297.THA |
| Withdrawn status | Lost status | Source of classification or shelving scheme | Damaged status | Not for loan | Permanent Location | Current Location | Shelving location | Date acquired | Total Checkouts | Full call number | Barcode | Checked out | Date last seen | Date last checked out | Price effective from | Koha item type | Public note | Shelving control number |
|---|---|---|---|---|---|---|---|---|---|---|---|---|---|---|---|---|---|---|
| Military College of Signals (MCS) | Military College of Signals (MCS) | General Stacks | 03/02/2023 | 1 | 297,THA | MCS28228 | 03/30/2023 | 03/15/2023 | 03/15/2023 | 03/02/2023 | Book | Almirah No. 63, Shelf No. 3 | ||||||
| Military College of Signals (MCS) | Military College of Signals (MCS) | General Stacks | 01/14/2025 | 297,THA | MCS38880 | 01/14/2025 | 01/14/2025 | Book | Islamic Books |
